000 00657cam a22001814a 4500
005 20250605164344.0
008 250528s ||||||||||||||||||||||||d
035 _a23770
040 _aGR-AtMCL
_bgre
_dGR-AtMCL
_eAACR2
245 1 _aA Thourough Survey on Security over Sensor Networks
260 _c2016
300 _a32
520 _aIntroduction, Sensor Networks Applications, Sensor Networks Constraints, Security Requirements, Keying Protocols, Authentication, Symmetric Encryption Schemes, Security Protocol for Sensor Networks (SPINS), Conclusion.
700 1 _aGeorgaros Ioannis
_99303
942 _cDS
999 _c8707
_d8707